The naked i : (Record no. 200468112)

MARC details
000 -LEADER
fixed length control field 02357cam a2200385 i 4500
001 - CONTROL NUMBER
control field 200468112
003 - CONTROL NUMBER IDENTIFIER
control field TR-AnTOB
005 - DATE AND TIME OF LATEST TRANSACTION
control field 20260414150320.0
007 - PHYSICAL DESCRIPTION FIXED FIELD--GENERAL INFORMATION
fixed length control field ta
008 - FIXED-LENGTH DATA ELEMENTS--GENERAL INFORMATION
fixed length control field 260414t19711971ctu 000 j eng
010 ## - LIBRARY OF CONGRESS CONTROL NUMBER
LC control number 73150369
020 ## - INTERNATIONAL STANDARD BOOK NUMBER
International Standard Book Number 0330233475
Qualifying information (paperback)
035 ## - SYSTEM CONTROL NUMBER
System control number 1726556
System control number (TR-AnTOB)200468112
040 ## - CATALOGING SOURCE
Original cataloging agency DLC
Language of cataloging eng
Description conventions rda
Transcribing agency DLC
Modifying agency DLC
-- TR-AnTOB
041 0# - LANGUAGE CODE
Language code of text/sound track or separate title İngilizce
050 04 - LIBRARY OF CONGRESS CALL NUMBER
Classification number PN6014
Item number .N35 1971
090 ## - LOCALLY ASSIGNED LC-TYPE CALL NUMBER (OCLC); LOCAL CALL NUMBER (RLIN)
Classification number (OCLC) (R) ; Classification number, CALL (RLIN) (NR) PN6014
Local cutter number (OCLC) ; Book number/undivided call number, CALL (RLIN) .N35 1971
245 04 - TITLE STATEMENT
Title The naked i :
Remainder of title fictions for the seventies /
Statement of responsibility, etc. Edited by Frederick R. Karl and Leo Hamalian.
264 #1 - PRODUCTION, PUBLICATION, DISTRIBUTION, MANUFACTURE, AND COPYRIGHT NOTICE
Place of production, publication, distribution, manufacture Greenwich, Conn. :
Name of producer, publisher, distributor, manufacturer Fawcett Publications,
Date of production, publication, distribution, manufacture, or copyright notice 1971.
Date of production, publication, distribution, manufacture, or copyright notice ©1971
300 ## - PHYSICAL DESCRIPTION
Extent 308 pages ;
Dimensions 20 cm
336 ## - CONTENT TYPE
Content type term text
Content type code txt
Source rdacontent
337 ## - MEDIA TYPE
Media type term unmediated
Media type code n
Source rdamedia
338 ## - CARRIER TYPE
Carrier type term volume
Carrier type code nc
Source rdacarrier
500 ## - GENERAL NOTE
General note "Picador"
505 0# - FORMATTED CONTENTS NOTE
Formatted contents note Introduction / by Frederick R. Karl and Leo Hamalian -- Discontinuity with design. A country doctor / by Franz Kafka -- An earlier generation. The lottery in Babylon / by Jorge Luis Borges -- Blow-up / by Julio Cortázar -- from Invisible man / by Ralph Ellison -- A world ends / by Wolfgang Hildesheimer -- "That in Aleppo once ..." / by Vladimir Nabokov -- One warm Saturday / by Dylan Thomas -- The man who went to Chicago / by Richard Wright -- Our contemporaries. Ambrose his mark / by John Barth -- Me and Miss Mandible / by Donald Barthelme -- from "A long letter from F." / by Leonard Cohen -- The babysitter / by Robert Coover -- Ana María / by José Donoso -- Aura / by Carlos Fuentes -- Blood letting / by John Bart Gerald -- Love and the buffalo / by James Leo Herlihy -- Snow / by Ted Hughes -- Answers in progress / by LeRoi Jones -- from Steps / by Jerzy Kosinski -- Mildred / by Leonard Michaels -- The empire of things / by H.L. Mountzoures -- Johnny Panic and the bible of dreams / by Sylvia Plath -- Goodnight, sweetheart / by James Purdy -- The spider / by Jan Gerhard Toonder -- Nonfiction. From Love's body / by Norman O. Brown -- Letters from Mexico / by Ken Kesey.
650 #0 - SUBJECT ADDED ENTRY--TOPICAL TERM
Topical term or geographic name entry element Short stories
9 (RLIN) 45955
655 #7 - INDEX TERM--GENRE/FORM
Genre/form data or focus term Short stories
Source of term lcgft
9 (RLIN) 153047
700 1# - ADDED ENTRY--PERSONAL NAME
Personal name Karl, Frederick R.
Fuller form of name (Frederick Robert),
Dates associated with a name 1927-2004
Relator term editor
Relator code edt
9 (RLIN) 153659
Personal name Hamalian, Leo,
Dates associated with a name 1920-2003
Relator term editor
Relator code edt
9 (RLIN) 153660
942 ## - ADDED ENTRY ELEMENTS (KOHA)
Source of classification or shelving scheme Library of Congress Classification
Koha item type Book
Holdings
Withdrawn status Lost status Source of classification or shelving scheme Not for loan Collection code Home library Current library Shelving location Date acquired Source of acquisition Total Checkouts Full call number Date last seen Copy number Date shelved Koha item type Public note
    Library of Congress Classification Ödünç Verilemez-Kurumiçi kullanım / Not for loan-For inhouse use Genel Koleksiyon Tıp Fakültesi Medikal Kütüphane Tıp Fakültesi Medikal Kütüphane Genel Koleksiyon / Main Collection 18/03/2026 Bağış / Donation   PN6014 .N35 1971 TıpFaK 14/04/2026 1 14/04/2026 Book Donated by Prof. Dr. Şükrü Cin
Devinim Yazılım Eğitim Danışmanlık tarafından Koha'nın orjinal sürümü uyarlanarak geliştirilip kurulmuştur.